| 000 | 01250nam0a2200361 4500 | ||
|---|---|---|---|
| 001 | RU\NLR\bibl\380272 | ||
| 005 | 20250622153315.0 | ||
| 010 |
_a5-699-01616-3 _910000 |
||
| 021 |
_aRU _b2003-3777 _9174 |
||
| 035 | _a(NLR Aleph) 000374684 | ||
| 090 |
_a417582 _c417582 |
||
| 100 | _a20030304d2003 |||y0rusy50 ca | ||
| 101 | 0 | _arus | |
| 102 | _aRU | ||
| 105 | _aa ||||||||| | ||
| 200 | 1 |
_aАрабская кухня _f[Сост. К.В. Силаева] |
|
| 210 |
_aСПб. _cТерция _aМ. _cЭКСМО _d2003 |
||
| 215 |
_a61,[2] с. _cил. _d16 |
||
| 225 | 1 | _aОчень просто! | |
| 606 | 0 |
_aКулинарное производство _xАрабская кухня _91001684 _3RU\NLR\auth\6662255 |
|
| 606 | 0 |
_aАрабская кухня _92100299 _3RU\NLR\auth\661270313 |
|
| 610 | 0 | _aНациональные блюда арабские | |
| 610 | 0 | _aКулинария - Рецептура | |
| 675 |
_a641.568(-411.21) _v3 _zrus |
||
| 686 |
_a36.997 _2rubbk |
||
| 686 | _aЛ997(3)Арабская | ||
| 702 | 1 |
_aСилаева _bК. В. _gКарина В |
|
| 801 | 0 |
_aRU _bRKP _c20030304 _gPSBO |
|
| 801 | 1 |
_aRU _bRKP _c20030304 |
|
| 801 | 2 |
_aRU _bNLR _c20090729 _grcr |
|
| 942 | _cBOOK | ||
| 980 | _aNB | ||